000 00598nam a2200217 a 4500
999 _c1156
_d1156
008 191205t2009 ii ad||g |||| 001 0 eng d
020 _a9788131715178
_cRs. 570.00
040 _aKO
_beng
041 0 _aeng
044 _aii
082 0 4 _223
_a658.7
_bSh136
100 1 _aShah, Janat
245 1 0 _aSupply Chain Management :
_btext and cases /
_cJanat Shah
260 _aNew Delhi :
_bPearson Education ,
_c2009.
300 _axxiv, 446 p. :
_bill. ;
_c28 cm.
504 _aIncludes Index.
650 0 _aBusiness logistics
_xManagement
_vTextbooks
904 _aA_BOSE
942 _cBK